| 000 | 00890nam a22001937a 4500 | ||
|---|---|---|---|
| 008 | 250131e20250131xxk|||||o|||| 00| 0 eng d | ||
| 041 | _aeng | ||
| 110 | _aRoyal Institution of Chartered Surveyors | ||
| 245 |
_aData centres: _b impacts of the rapid rise of this asset class |
||
| 260 |
_bRoyal Institution of Chartered Surveyors, _c31 Jan 2025 |
||
| 520 | _aIn the first of this two-part series, Tarrant Parsons, RICS head of market analytics, examines the rise of data centres and considers if growth can continue at such a pace given intensive energy requirements. | ||
| 650 | _aDATA CENTRES | ||
| 651 | _aInternational | ||
| 690 |
_aInvestments _96250 |
||
| 700 | _aParsons, Tarrant | ||
| 710 | _aRoyal Institution of Chartered Surveyors | ||
| 856 |
_uhttps://www.rics.org/news-insights/wbef/data-centres-impacts-rapid-rise-asset-class _zAvailable free on RICS.org |
||
| 942 | _n0 | ||
| 999 |
_c122103 _d122103 |
||